| 000 | 00000nam 2200000za 4500 |
| 001 | 9.698075 |
| 003 | CaOODSP |
| 005 | 20210624235750 |
| 007 | cr ||||||||||| |
| 008 | 150407s1997 onc|||||o f|0| 0 eng d |
| 040 | |aCaOODSP|beng |
| 043 | |an-cn--- |
| 086 | 1 |aL2-43/1998E-PDF |
| 110 | 1 |aCanada.|bHuman Resources Development Canada.|bLabour Program. |
| 245 | 10|aWorking for you - labour |h[electronic resource]. |
| 260 | |aOttawa : |bHuman Resources Development Canada, |cc1997. |
| 300 | |a18 p. |
| 500 | |aThe catalogue number (L2-43/1998) and ISBN (0-662-63392-X) for the bilingual print edition have been incorrectly copied in this electronic publication. |
| 590 | |a13-15-Supp|b2013-06-24 |
| 690 | 07|aEmployment|2gcpds |
| 690 | 07|aLabour|2gcpds |
| 690 | 07|aWorkplace|2gcpds |
| 775 | 08|tÀ votre service - travail |w(CaOODSP)9.642071 |
| 776 | 0#|tWorking for you |w(CaOODSP)9.659897 |
| 776 | 0#|tA votre service |w(CaOODSP)9.659898 |
| 794 | |tWorking for you |w(CaOODSP)9.687075 |
| 856 | 40|ahttp://publications.gc.ca|qPDF|s425 KB|uhttps://publications.gc.ca/collections/Collection/L2-43-1998E.pdf |
| 986 | |aLT-061-02-98 |